[Event "Pedavena op-A 2nd"]
[Site "Pedavena"]
[Date "2006.08.05"]
[Round "7"]
[White "Fabrello, Alessandro"]
[Black "De Zaiacomo, Tonino"]
[Result "1-0"]
[WhiteElo "1557"]
[BlackElo "1898"]
[PlyCount "59"]
[EventDate "2006.08.01"]
[EventType "swiss"]
[EventRounds "7"]
[EventCountry "ITA"]
[SourceTitle "EXT 2023"]
[Source "ChessBase"]
[SourceDate "2022.10.05"]
[SourceVersion "1"]
[SourceVersionDate "2022.10.05"]
[SourceQuality "1"]

1. d4 e5 2. e4 exd4 3. Nf3 Bb4+ 4. Bd2 a5 5. a3 Bc5 6. Bd3 d6 7. h3 h6 8. 0-0 Nf6 9. c3 dxc3 10. Nxc3 0-0 11. Qc2 Be6 12. e5 dxe5 13. Nxe5 Nbd7 14. Nxd7 Qxd7 15. Ne4 Nxe4 16. Bxe4 Bd6 17. Rad1 Qc8 18. Qc1 f5 19. Bd3 f4 20. Bc4 Bxc4 21. Qxc4+ Kh8 22. Bc3 Be7 23. Rfe1 Bg5 24. Re6 Ra6 25. Rde1 Rxe6 26. Rxe6 Qd7 27. Qe4 Bf6 28. Bxf6 gxf6 29. Re7 f5 30. Qe5+ 1-0

[Event "Pedavena op-A 2nd"]
[Site "Pedavena"]
[Date "2006.08.04"]
[Round "6"]
[White "Tomelleri, Alessio"]
[Black "Fabrello, Alessandro"]
[Result "1-0"]
[WhiteElo "1972"]
[BlackElo "1557"]
[PlyCount "133"]
[EventDate "2006.08.01"]
[EventType "swiss"]
[EventRounds "7"]
[EventCountry "ITA"]
[SourceTitle "EXT 2023"]
[Source "ChessBase"]
[SourceDate "2022.10.05"]
[SourceVersion "1"]
[SourceVersionDate "2022.10.05"]
[SourceQuality "1"]

1. e4 e5 2. Nf3 Nc6 3. Bb5 Nge7 4. c3 a6 5. Ba4 b5 6. Bb3 Ng6 7. 0-0 d6 8. d3 Be7 9. Re1 0-0 10. Nbd2 Bb7 11. Nf1 Rb8 12. Ng3 h6 13. Nf5 Re8 14. h3 Bf8 15. Nh2 Nce7 16. Qh5 d5 17. Ng4 Nxf5 18. exf5 Qh4 19. Qxh4 Nxh4 20. f6 e4 21. dxe4 dxe4 22. fxg7 Bxg7 23. Bxh6 e3 24. Re2 Bxg2 25. Kh2 Bf3 26. Rxe3 Rxe3 27. Bxe3 Nf5 28. Bf4 Rb7 29. Ne5 Bh5 30. Rg1 c5 31. Rg5 c4 32. Bc2 f6 33. Rxh5 fxe5 34. Bxf5 exf4 35. Bc8 Rb6 36. Rd5 b4 37. Rd2 bxc3 38. bxc3 a5 39. a4 Bxc3 40. Rc2 Bd4 41. Rxc4 Rb4 42. Rxb4 axb4 43. f3 Kg7 44. Be6 Kf6 45. Bc4 Kg5 46. Kg2 Kh4 47. Be6 Be3 48. Kf1 Kg3 49. Ke2 Bb6 50. Bd5 Kxh3 51. Kd3 Bc5 52. Kc4 Bd6 53. a5 Kg3 54. a6 Bb8 55. Kxb4 Kh4 56. Kb5 Ba7 57. Kc6 Kg5 58. Kb7 Be3 59. a7 Bxa7 60. Kxa7 Kf6 61. Kb6 Ke5 62. Be4 Kd4 63. Kb5 Ke3 64. Kc4 Kf2 65. Kd3 Kg2 66. Bd5 Kf2 67. Ke4 1-0

[Event "Veneto Region-ch"]
[Site "Arqua Petrarca"]
[Date "2006.05.14"]
[Round "5"]
[White "Battiston, Gianfranco"]
[Black "Fabrello, Alessandro"]
[Result "0-1"]
[WhiteElo "1652"]
[BlackElo "1560"]
[PlyCount "74"]
[EventDate "2006.05.06"]
[EventType "swiss"]
[EventRounds "6"]
[EventCountry "ITA"]
[SourceTitle "EXT 2011"]
[Source "ChessBase"]
[SourceDate "2010.11.26"]
[SourceVersion "1"]
[SourceVersionDate "2010.11.26"]
[SourceQuality "1"]

1. e4 e5 2. Nf3 Nc6 3. Bb5 Nge7 4. Nc3 a6 5. Ba4 b5 6. Bb3 Bb7 7. 0-0 Na5 8. Bxf7+ Kxf7 9. Nxe5+ Kg8 10. Qf3 Qe8 11. d3 Nac6 12. Ng4 Nd4 13. Qg3 Ng6 14. Be3 Bd6 15. e5 Bxe5 16. Nxe5 Nf5 17. Qg4 Qxe5 18. Rae1 Nxe3 19. Rxe3 Qd6 20. Rfe1 Nf8 21. Rg3 g6 22. Rge3 h5 23. Qg5 Rh7 24. Ne4 Bxe4 25. Rxe4 Rg7 26. f4 Nh7 27. Qh4 Rf8 28. h3 Qc5+ 29. d4 Qxc2 30. Re7 Qf5 31. Rxg7+ Kxg7 32. Re7+ Rf7 33. Rxf7+ Qxf7 34. Qd8 c6 35. g3 Nf6 36. Qa5 Qc4 37. Qxa6 Qxd4+ 0-1

[Event "Veneto Region-ch"]
[Site "Arqua Petrarca"]
[Date "2006.05.06"]
[Round "1"]
[White "Fabrello, Alessandro"]
[Black "Roberti, Ignazio"]
[Result "0-1"]
[WhiteElo "1560"]
[BlackElo "1946"]
[PlyCount "100"]
[EventDate "2006.05.06"]
[EventType "swiss"]
[EventRounds "6"]
[EventCountry "ITA"]
[SourceTitle "EXT 2011"]
[Source "ChessBase"]
[SourceDate "2010.11.26"]
[SourceVersion "1"]
[SourceVersionDate "2010.11.26"]
[SourceQuality "1"]

1. d4 Nf6 2. Nf3 e6 3. Bf4 b6 4. e3 Bb7 5. Nbd2 c5 6. c3 Be7 7. Be2 Na6 8. 0-0 Nc7 9. Bxc7 Qxc7 10. h3 0-0 11. Re1 d5 12. Qc2 Ne4 13. Nxe4 dxe4 14. Nd2 f5 15. Nf1 f4 16. exf4 cxd4 17. Bg4 Qc6 18. Qb3 Bf6 19. cxd4 Bxd4 20. Qxe6+ Qxe6 21. Bxe6+ Kh8 22. Re2 Rxf4 23. Rd1 Ba6 24. Red2 Bd3 25. Ne3 Raf8 26. Kh2 Rxf2 27. Rxf2 Rxf2 28. Ng4 Rxb2 29. Bc4 h5 30. Bxd3 exd3 31. Rxd3 hxg4 32. Rxd4 gxh3 33. Kxh3 Rxa2 34. g3 a5 35. Kh4 b5 36. Kg5 Kh7 37. Rh4+ Kg8 38. Rd4 Kf7 39. Rd7+ Kf8 40. g4 Rc2 41. Rd5 Rb2 42. Kg6 a4 43. g5 a3 44. Rf5+ Ke7 45. Rf7+ Kd6 46. Kxg7 a2 47. Ra7 b4 48. g6 b3 49. Kg8 Rb1 50. Ra6+ Kc5 0-1

[Event "Pedavena op-B 1st"]
[Site "Pedavena"]
[Date "2005.08.04"]
[Round "2"]
[White "Bisaro, Andrea"]
[Black "Fabrello, Alessandro"]
[Result "0-1"]
[WhiteElo "1431"]
[BlackElo "1506"]
[PlyCount "43"]
[EventDate "2005.08.03"]
[EventType "swiss"]
[EventRounds "6"]
[EventCountry "ITA"]
[SourceTitle "EXT 2023"]
[Source "ChessBase"]
[SourceDate "2022.10.05"]
[SourceVersion "1"]
[SourceVersionDate "2022.10.05"]
[SourceQuality "1"]

1. d4 d5 2. c4 e6 3. Nc3 Nf6 4. Bg5 Be7 5. cxd5 exd5 6. Qc2 Nbd7 7. e4 dxe4 8. Nxe4 0-0 9. Nxf6+ Nxf6 10. 0-0-0 Nd5 11. Bxe7 Qxe7 12. a3 Be6 13. h4 Rac8 14. Kb1 c6 15. Bd3 Nf6 16. Nf3 Rfe8 17. Ng5 g6 18. Rhe1 Qd6 19. h5 Bd5 20. hxg6 Rxe1 21. Rxe1 hxg6 22. Bxg6 0-1

[Event "Veneto-ch qf 65th"]
[Site "Arqua Petrarca"]
[Date "2005.05.14"]
[Round "4.26"]
[White "Fabrello, Alessandro"]
[Black "Valerio, Gianluca"]
[Result "1/2-1/2"]
[WhiteElo "1500"]
[BlackElo "1718"]
[PlyCount "110"]
[EventDate "2005.05.07"]
[EventType "swiss"]
[EventRounds "6"]
[EventCountry "ITA"]
[SourceTitle "EXT 2024"]
[Source "ChessBase"]
[SourceDate "2023.10.10"]
[SourceVersion "1"]
[SourceVersionDate "2023.10.10"]
[SourceQuality "1"]

1. e4 g6 2. d4 Bg7 3. Nc3 d6 4. f4 Nd7 5. Nf3 e6 6. Bd3 Ne7 7. 0-0 0-0 8. Be3 f5 9. e5 b6 10. Bc4 d5 11. Bb3 Ba6 12. Rf2 c5 13. Ng5 c4 14. Ba4 b5 15. Bxb5 Bxb5 16. Nxb5 Qb6 17. Nd6 Nc8 18. Nxe6 Nxd6 19. exd6 Rfe8 20. Nc7 Qxd6 21. Nxe8 Rxe8 22. Bc1 Nf6 23. Re2 Ne4 24. c3 a5 25. Bd2 Re7 26. b3 cxb3 27. axb3 Qb6 28. Rb1 Rc7 29. Rxe4 fxe4 30. Qe1 Re7 31. Be3 Rc7 32. b4 a4 33. Ra1 Qb5 34. Ra3 Ra7 35. Qf1 Qb6 36. f5 Qf6 37. fxg6 Qxf1+ 38. Kxf1 hxg6 39. Ke2 Kf7 40. Bg5 Ra8 41. Ke3 Ke6 42. g4 Bf8 43. h4 Bd6 44. Bf4 Bxf4+ 45. Kxf4 Rf8+ 46. Ke3 Ra8 47. b5 Kd6 48. c4 dxc4 49. Kxe4 Ra5 50. h5 gxh5 51. gxh5 Rxb5 52. Rxa4 Rxh5 53. Rxc4 Rh4+ 54. Ke3 Rh3+ 55. Kd2 Kd5 1/2-1/2